| 000 | 00454nam a2200157Ia 4500 | ||
|---|---|---|---|
| 003 | IQ-KOUCL | ||
| 041 | _aArabic | ||
| 082 | _a256,4 cut-922 ب | ||
| 100 | _a20260118u\\\\\\\\\\\y0engy0103\\\\ba | ||
| 100 | _aحضرة بهاء الله | ||
| 245 | 0 | _aمنعطف التحول امام كافة الامم | |
| 250 | _aط1 | ||
| 260 |
_bدار النشر البهائية في البرازيل _aالبرازيل _c2002 |
||
| 300 | _a78 | ||
| 942 | _cBk | ||
| 999 |
_c186514 _d186514 |
||